01465nam a2200289 a 450000100100000000500170001000800410002702000150006804000250008308200200010810000280012824500720015626000360022830000280026450000640029259000260035665000270038265000310040970000400044091000370048095201330051795201330065095201330078395201180091695201240103499900170115800001185320240530073912.0091028s2006 dr 000 f spa d a9993472891 aDO-SdBNPbspacBNPHU aRD863.44bC355u1 aCastro, Franklin92802410aUn hombre marcado /cFranklin Castro ; prólogo Luis Concepción. aSanto Domingo :bTaller,c2006. a178 p. :bil. ;c22 cm. aIncluye datos biográficos del autor en la contracubierta. aInventariado, 2020/YL 0aNovela dominicana9223 0aLiteratura dominicana.9671 aConcepción, Luis,epról.928025 aValidado. Control de calidad MFF 001054708DSaGRbGRcHDd2009-10-28iLF1l0oRD863.44 C355up11853-30r2020-06-25te. 3w2020-06-25yLFDSZPréstamo en sala 001054708DSaGRbGRcHDd2010-02-04iLF1l0oRD863.44 C355up11853-40r2020-06-25te. 4w2020-06-25yLFDSZPréstamo en sala 001054708DSaGRbGRcHDd2010-02-04iLF1l0oRD863.44 C355up11853-50r2020-06-25te. 5w2020-06-25yLFDSZPréstamo en sala 0010718PDaPDbPDcHDd2009-10-28iLF1l0oRD863.44 C355up11853-10r2020-06-25w2020-06-25yLFPDZNo se presta 0010718PDaPDbPDcHDd2009-10-28iLF1l0oRD863.44 C355up11853-20r2020-06-25te. 2w2020-06-25yLFPDZNo se presta c11527d11527